| 000 | 00470nam a22001697a 4500 | ||
|---|---|---|---|
| 003 | OSt | ||
| 005 | 20231014085733.0 | ||
| 008 | 231014b |||||||| |||| 00| 0 eng d | ||
| 020 | _a9789966530202 | ||
| 040 | _aSEKU | ||
| 050 |
_aK 923 _b.K59 |
||
| 245 |
_aUnderstanding negligence and strict liability _cYusufu Kiwanda, Ivan Mutyaba |
||
| 260 |
_aNairobi: Kenya _blawAfrica, _c2019. |
||
| 300 | _a274p.: | ||
| 650 |
_aNegligence _xStrict liability |
||
| 942 |
_2lcc _cGEN |
||
| 999 |
_c18361 _d18361 |
||